00310nam a2200133Ia 45000030006000000080041000060400015000471000021000622450034000832500010001172600020001275460012001470050017001590STCL150530s9999 xx 000 0 und d aSTCLcSTCL aWilliam Woodruff aAm ericas impact on the world aFirst bMacmillanc1975 aEnglish20220125165517.0